MARC

LEADER 00000nam^a2200000^a^4500
001 000563805
005 20250526000000.0
009 20260310132012.629
037 |a Acervo ITESO - Biblioteca 
041 |a GRA 
041 |a FRA 
082 |a 770. 5  |b MAG V. 52 
240 1 1 |a [Ovo Magazine] 
245 0 3 |a Le Magazine Ovo :  |b Les refugies guatemalteques au Mexique /  |c Dir. de D. Gérin-Lajoie, J. Guerra ; tr. por S. Fischman... [et al.]. 
264 1 |a Montreal, Canadá :  |b Le Magazine Ovo,  |c 1983 
300 |a 47 p. ;  |c 30.0 cm. 
336 |a texto  |b txt  |2 rdacontenido 
337 |a sin mediación  |b n  |2 rdamedio 
338 |a volumen  |b nc  |2 rdasoporte 
546 |a Edición gráfica con texto en español-francés-inglés 
649 |a XX 
650 |a Fotógrafos Mexicanos 
650 |a Artistas Mexicanos 
650 |a Mujeres Mexicanas 
650 |a Refugiados Guatemaltecos -  |z Chiapas -  |x Fotografías -  |x Tema Principal 
650 |a Refugiados Guatemaltecos -  |z Chiapas -  |x Historia -  |y 1946-2000 -  |x Tema Principal 
650 |a Refugiados Guatemaltecos -  |z Chiapas -  |x Historia -  |y Siglo XX 
650 |a Refugiados Guatemaltecos -  |z México -  |x Fotografías 
650 |a Refugiados Guatemaltecos -  |z México -  |x Historia -  |y 1946-2000 
650 |a Refugiados Guatemaltecos -  |z México -  |x Historia -  |y Siglo XX 
650 |a Fotoperiodismo -  |z México 
650 |a Fotografía en Blanco y Negro -  |z México 
650 |a Fotografía Mexicana -  |y Siglo XX 
650 |a Fotografía Mexicana -  |x Historia y Crítica 
650 |a Fotografía -  |x Publicaciones Periódicas Canadienses -  |x Tema Principal 
650 |a Publicaciones Periódicas Canadienses 
650 |a México (Frontera Sur) -  |x Fotografías 
650 |a México (Frontera Sur) -  |x Descripción 
650 |a Rocha, José Luis 
650 |a Rodríguez, José Angel 
650 |a Turok, Antonio 
650 |a Valtierra, Pedro 
650 |a Zarak, Martha 
600 |a Cowrie, Christa 
700 |a Gérin-Lajoie, Denyse  |e (dirección) 
700 |a Guerra, Jorge  |e (dirección) 
700 |a Fischman, Sheila  |e (dirección) 
910 |a Fondo Pedro Valtierra 
920 |a Impresos - Libros 
930 |a Libros Antiguos y Raros 
905 |a 129 
901 |a 0500365775  |b IT2  |c LRA  |i D  |u 20250526 
902 |a https://opac.biblio.iteso.mx/vufind/Record/000563805